Landen met 8 letters - Statistieken

Algemene statistieken
  • Deze quiz is 264 keer genomen
  • De gemiddelde score is 17 van 32
Antwoordstatistieken
Country % Correct
Brazilië
75%
Paraguay
73%
Suriname
73%
Colombia
68%
Honduras
68%
Portugal
68%
Algerije
66%
Slovenië
66%
Thailand
61%
Barbados
59%
Ethiopië
59%
Kiribati
59%
Botswana
57%
Dominica
57%
Oekraïne
57%
Tanzania
57%
Roemenië
55%
Tsjechië
55%
Litouwen
52%
Mongolië
52%
Zimbabwe
52%
Pakistan
48%
Cambodja
45%
Kirgizië
45%
Moldavië
43%
Kameroen
41%
Eswatini
36%
Jordanië
32%
Maleisië
32%
Sri Lanka
32%
Djibouti
25%
Maldiven
25%
Geen overeenkomende quizzen gevonden
Scoreverdeling
Procent van Mensen met Elke Score
Percentiel versus Aantal Correcte Antwoorden
Uw Scoregeschiedenis
U heeft deze quiz nog niet genomen